[Event "Titled Tue 27th May Early"]
[Site "chess.com INT"]
[Date "2025.05.27"]
[Round "1"]
[White "Jimenez Salas, Maria Teresa"]
[Black "Baskakov, Egor"]
[Result "0-1"]
[WhiteTitle "WIM"]
[BlackTitle "CM"]
[WhiteElo "2137"]
[BlackElo "2215"]
[WhiteFideId "3843866"]
[BlackFideId "24197866"]
[EventDate "2025.05.27"]

1. e4 c5 2. Nf3 Nf6 3. d4 Nxe4 4. Bd3 d5 5. dxc5 Nxc5 6. Bb5+ Nc6 7. Ne5 Qd6 8.
Bf4 Bd7 9. Bxc6 Bxc6 10. O-O Qf6 11. Nxc6 Qxc6 12. Nc3 e6 13. Qd4 f6 14. Rfe1
O-O-O 15. Bg3 e5 16. Qg4+ Qd7 17. Qe2 d4 18. Rad1 Qc6 19. Qg4+ Qd7 20. Qe2 a6
21. Ne4 Nxe4 22. Qxe4 Bc5 23. Kh1 h5 24. f4 h4 25. Bf2 Rhe8 26. fxe5 Rxe5 27.
Qxh4 Rde8 28. Rxe5 Rxe5 29. h3 Re2 30. Bxd4 Bxd4 31. Rxd4 Qe7 32. Qh8+ Kc7 33.
Rc4+ Kb6 34. Qc8 Re1+ 35. Kh2 Qe5+ 36. Rf4 Qxf4+ 0-1

[Event "Titled Tue 27th May Early"]
[Site "chess.com INT"]
[Date "2025.05.27"]
[Round "1"]
[White "Le, Quang Liem"]
[Black "Ferey, Antonin"]
[Result "1-0"]
[WhiteTitle "GM"]
[BlackTitle "CM"]
[WhiteElo "2729"]
[BlackElo "2238"]
[WhiteFideId "12401137"]
[BlackFideId "36051454"]
[EventDate "2025.05.27"]

1. Nf3 g6 2. c4 Bg7 3. g3 d6 4. Bg2 Nf6 5. O-O O-O 6. Nc3 Nbd7 7. d4 c6 8. e4 e5
9. Re1 a5 10. d5 Nc5 11. Qc2 cxd5 12. cxd5 b6 13. Bf1 Ne8 14. Be3 h6 15. Nd2 f5
16. Nc4 Ba6 17. exf5 gxf5 18. f4 e4 19. Bf2 Nf6 20. Ne3 Bd3 21. Qd2 Qd7 22. Bh3
Ne8 23. Ng2 Ba6 24. Nxe4 Nd3 25. Nc3 Nxe1 26. Rxe1 Nf6 27. Bxb6 Rfe8 28. Ne3 Ng4
29. Bd4 Nxe3 30. Rxe3 Rxe3 31. Bxe3 Re8 32. Kf2 Qf7 33. Bg2 Qc7 34. Bd4 Qc4 35.
Bxg7 Kxg7 36. h3 Kf6 37. Kg1 Rg8 38. Kh2 Re8 39. Qf2 a4 40. Qb6 Re3 41. Qxe3 1-0

[Event "Titled Tue 27th May Early"]
[Site "chess.com INT"]
[Date "2025.05.27"]
[Round "1"]
[White "Buscar, Michael"]
[Black "Terry, Renato"]
[Result "0-1"]
[BlackTitle "IM"]
[WhiteElo "2016"]
[BlackElo "2508"]
[WhiteFideId "2603616"]
[BlackFideId "3803457"]
[EventDate "2025.05.27"]

1. d4 Nf6 2. c4 c5 3. e3 g6 4. Nf3 Bg7 5. Nc3 O-O 6. Be2 cxd4 7. exd4 d5 8. O-O
Nc6 9. c5 Ne4 10. Be3 f5 11. Bf4 Be6 12. Rc1 Rc8 13. Qb3 Nxd4 14. Nxd4 Bxd4 15.
Qxb7 Nxc5 16. Qb4 Bf6 17. Rfd1 d4 18. Nb5 Qb6 19. a3 Rfd8 20. Bc7 Rxc7 21. Nxc7
Qxc7 22. Qxc5 Qb7 23. Bc4 Bxc4 24. Qxc4+ Kg7 25. Qc7 Qa8 26. b4 a6 27. a4 Rb8
28. Rc4 Rb7 29. Qc6 Qa7 30. b5 axb5 31. axb5 Qb8 32. Rb1 d3 33. Qd5 d2 34. Rcb4
Bc3 35. R4b3 Qc8 36. h4 Rd7 37. Qf3 Ba5 38. b6 Qc1+ 39. Kh2 d1=Q 40. Qxd1 Rxd1
41. Rxc1 Rxc1 42. b7 Bc7+ 43. g3 Bb8 44. Re3 Rc7 45. Rb3 Kf6 46. Kg2 e5 47. Kf3
e4+ 48. Ke3 Ke5 49. Rb5+ Kd6 50. Kf4 Kc6 51. Rb1 Rxb7+ 0-1

[Event "Titled Tue 27th May Early"]
[Site "chess.com INT"]
[Date "2025.05.27"]
[Round "1"]
[White "Zakin, Ilay"]
[Black "Aslanov, Umid"]
[Result "0-1"]
[WhiteTitle "FM"]
[BlackTitle "FM"]
[WhiteElo "2257"]
[BlackElo "2324"]
[WhiteFideId "2848279"]
[BlackFideId "13412620"]
[EventDate "2025.05.27"]

1. Nf3 d5 2. g3 c6 3. Bg2 Bg4 4. O-O Nd7 5. d3 Ngf6 6. h3 Bh5 7. Nbd2 e5 8. e4
dxe4 9. dxe4 Bc5 10. c3 O-O 11. Qe2 a5 12. g4 Bg6 13. Nh4 Qc7 14. a4 Bb6 15. Nc4
Bc5 16. Nxg6 hxg6 17. Be3 b5 18. Nd2 Bxe3 19. Qxe3 Nb6 20. b3 Nfd7 21. Rfc1 Rfd8
22. c4 bxa4 23. bxa4 Nf8 24. c5 Nbd7 25. Nc4 Ne6 26. Nb6 Nxb6 27. cxb6 Qb7 28.
Rab1 c5 29. Bf1 Rac8 30. Bc4 Nf4 31. Kh2 Rd6 32. Rb5 Rxb6 33. Rxc5 Rxc5 34. Qxc5
Qxe4 35. Bxf7+ Kxf7 36. Qc7+ Kg8 37. Qd8+ Kh7 38. Qh4+ Nh5 39. Rc8 Rb1 40. gxh5
Qh1+ 41. Kg3 Rg1# 0-1

[Event "Titled Tue 27th May Early"]
[Site "chess.com INT"]
[Date "2025.05.27"]
[Round "1"]
[White "Mottola, Max"]
[Black "Eames, Robert S"]
[Result "1-0"]
[BlackTitle "FM"]
[WhiteElo "2128"]
[BlackElo "2136"]
[WhiteFideId "30985862"]
[BlackFideId "408743"]
[EventDate "2025.05.27"]

1. d4 d5 2. Nf3 Nf6 3. Bf4 c5 4. e3 Nc6 5. Nbd2 Bf5 6. dxc5 e6 7. Nd4 Bg6 8. b4
Be7 9. Nxc6 bxc6 10. Ba6 Qd7 11. Nf3 Nh5 12. Ne5 Qd8 13. Bb7 Nxf4 14. exf4 O-O
15. Nxc6 Qc7 16. Nxe7+ Qxe7 17. Bxa8 Rxa8 18. O-O Qh4 19. Qd4 h5 20. c6 Kh7 21.
Rac1 Re8 22. Rfd1 Qg4 23. c4 h4 24. h3 Qf5 25. cxd5 exd5 26. c7 Rc8 27. Qxd5
Qxf4 28. Qd7 Bf5 29. Qxf7 Qg5 30. Kh1 Be4 31. f3 Bf5 32. Rc5 1-0

[Event "Titled Tue 27th May Early"]
[Site "chess.com INT"]
[Date "2025.05.27"]
[Round "1"]
[White "Bratovic, Blaz"]
[Black "Van Dael, Siem"]
[Result "1-0"]
[WhiteTitle "IM"]
[BlackTitle "FM"]
[WhiteElo "2319"]
[BlackElo "2258"]
[WhiteFideId "14603551"]
[BlackFideId "1049771"]
[EventDate "2025.05.27"]

1. e4 e5 2. Nf3 Nc6 3. Bb5 a6 4. Ba4 d6 5. O-O Bg4 6. h3 h5 7. d3 Qf6 8. Bxc6+
bxc6 9. Be3 Bxf3 10. Qxf3 Qxf3 11. gxf3 Ne7 12. f4 exf4 13. Bxf4 g5 14. Be3 g4
15. Nd2 Bg7 16. d4 O-O-O 17. Bg5 f6 18. Be3 Ng6 19. c3 Nh4 20. Kh2 Rde8 21. Kg3
Ng6 22. hxg4 hxg4 23. Rh1 Rhg8 24. Rh7 d5 25. Kxg4 dxe4 26. Kf5 Ne7+ 27. Kxe4
Nd5+ 28. Kd3 f5 29. Rg1 f4 30. Rgxg7 fxe3 31. Rxg8 Rxg8 32. fxe3 Rg3 33. Nc4
Nf4+ 34. Ke4 Ne6 35. Rh6 Nd8 36. Ne5 Rg2 37. b4 Rxa2 38. Nxc6 Nf7 39. Rh7 Nd6+
40. Kd5 Rg2 41. Rh8+ 1-0

[Event "Titled Tue 27th May Early"]
[Site "chess.com INT"]
[Date "2025.05.27"]
[Round "1"]
[White "Tahbaz, Arash"]
[Black "Reprintsev, Alexander"]
[Result "1-0"]
[WhiteTitle "IM"]
[BlackTitle "IM"]
[WhiteElo "2462"]
[BlackElo "2256"]
[WhiteFideId "12528846"]
[BlackFideId "14100541"]
[EventDate "2025.05.27"]

1. Nf3 d5 2. g3 Nc6 3. d4 Bf5 4. Bg2 Nb4 5. Na3 e6 6. O-O h6 7. Ne5 Nf6 8. c3
Na6 9. Qb3 Qc8 10. c4 c6 11. Bf4 Be7 12. Rac1 O-O 13. h4 Nc7 14. cxd5 exd5 15.
Nxc6 bxc6 16. Rxc6 Bd8 17. Rfc1 Rb8 18. Qc3 Qb7 19. Bxc7 Bxc7 20. Rxc7 Qxb2 21.
Qxb2 Rxb2 22. Bf3 Rxa2 23. Nb5 a6 24. Nc3 Ra5 25. Rc5 Rxc5 26. dxc5 d4 27. Na4
Rc8 28. Nb6 Rc7 29. Na8 Rc8 30. Nb6 Rc7 31. c6 a5 32. Na8 Rc8 33. c7 a4 34. Nb6
Re8 35. Nxa4 Be4 1-0

[Event "Titled Tue 27th May Early"]
[Site "chess.com INT"]
[Date "2025.05.27"]
[Round "1"]
[White "Safin Safarullakhan"]
[Black "Cahaya, Satria Duta"]
[Result "0-1"]
[WhiteTitle "CM"]
[BlackTitle "FM"]
[WhiteElo "2109"]
[BlackElo "2416"]
[WhiteFideId "33379475"]
[BlackFideId "7124252"]
[EventDate "2025.05.27"]

1. e4 e5 2. Nf3 Nc6 3. Bc4 Nf6 4. d3 Bc5 5. c3 d6 6. Nbd2 a5 7. O-O O-O 8. a4
Be6 9. h3 h6 10. Re1 Ne7 11. d4 exd4 12. cxd4 Bb4 13. Re3 Bxc4 14. Nxc4 d5 15.
e5 Ng4 16. hxg4 dxc4 17. Bd2 Nd5 18. Re4 Qd7 19. Rc1 Nb6 20. b3 Qd5 21. Qe2 cxb3
22. Bxb4 axb4 23. Nh4 b2 24. Rb1 Nxa4 25. Nf5 Rfe8 26. Re3 Nc3 27. Qxb2 Nxb1 28.
Qxb1 c5 29. g5 h5 30. Rh3 cxd4 31. Rxh5 g6 32. Nh6+ Kg7 33. Rh3 Qxe5 34. Rf3
Qe1+ 35. Qxe1 Rxe1+ 36. Kh2 Rf8 37. Rd3 Rd8 38. Rf3 Rd7 39. Ng4 d3 40. Nf6 d2
41. Rh3 Rh1+ 42. Kxh1 d1=Q+ 43. Kh2 Rd8 44. Rh7+ Kf8 45. g3 Qf3 0-1

[Event "Titled Tue 27th May Early"]
[Site "chess.com INT"]
[Date "2025.05.27"]
[Round "1"]
[White "Lacasa Diaz, Josep Anton"]
[Black "Sturt, Raven"]
[Result "0-1"]
[WhiteTitle "IM"]
[BlackTitle "GM"]
[WhiteElo "2304"]
[BlackElo "2459"]
[WhiteFideId "2203375"]
[BlackFideId "2007304"]
[EventDate "2025.05.27"]

1. Nf3 Nc6 2. e4 e5 3. Bb5 Nd4 4. Nxd4 exd4 5. d3 c6 6. Ba4 Nf6 7. O-O a5 8. a3
b5 9. Bb3 a4 10. Ba2 d5 11. Nd2 Bg4 12. f3 Be6 13. f4 Ng4 14. Nf3 Ne3 15. Bxe3
dxe3 16. Qe2 d4 17. Bxe6 fxe6 18. c3 c5 19. cxd4 cxd4 20. Ng5 Qd7 21. Qg4 Ra6
22. f5 exf5 23. Rxf5 Be7 24. Qf4 Rf8 25. Rxf8+ Bxf8 26. Rf1 Rf6 27. Qe5+ Be7 28.
Rc1 h6 29. Nf3 Rc6 30. Qb8+ Bd8 31. Qe5+ Kf8 32. Rxc6 Qxc6 33. Qf5+ Bf6 0-1

[Event "Titled Tue 27th May Early"]
[Site "chess.com INT"]
[Date "2025.05.27"]
[Round "1"]
[White "Antonio, Jorge Carlos"]
[Black "Fellowes, Billy"]
[Result "0-1"]
[WhiteTitle "FM"]
[BlackTitle "CM"]
[WhiteElo "2277"]
[BlackElo "2193"]
[WhiteFideId "113190"]
[BlackFideId "483540"]
[EventDate "2025.05.27"]

1. d4 Nf6 2. Nf3 c5 3. e3 d6 4. c3 g6 5. Bd3 Bg7 6. O-O O-O 7. Re1 Re8 8. e4 e5
9. d5 a6 10. c4 Nbd7 11. Nc3 Nf8 12. Be3 Rb8 13. a3 Bd7 14. b4 b6 15. bxc5 bxc5
16. Rb1 Qa5 17. Qc2 h6 18. Bd2 Qc7 19. Rxb8 Rxb8 20. Rb1 g5 21. h3 Ng6 22. Rxb8+
Qxb8 23. Qb1 Qc8 24. Qb6 Bf8 25. Bc2 Nh5 26. Ba4 Bxh3 27. gxh3 Qxh3 28. Bd1 g4
29. Ne1 g3 30. fxg3 Qxg3+ 31. Kf1 Qh3+ 32. Ke2 Ng3+ 33. Kd3 Qf1+ 34. Kc2 Qxc4
35. Qb3 Qd4 36. Nd3 Nxe4 37. Nxe4 Qxe4 38. Qc3 Nf4 39. Bxf4 exf4 40. Qd2 f3 41.
Qf2 Bg7 42. Qxf3 Qc4+ 43. Kd2 Bc3+ 44. Ke2 Bg7 45. Qg3 Qa2+ 46. Ke3 Qxa3 47. Bh5
c4 48. Qf3 Qxd3+ 49. Kf2 Bd4+ 50. Kg2 Qxf3+ 51. Kxf3 c3 52. Ke4 c2 0-1

[Event "Titled Tue 27th May Early"]
[Site "chess.com INT"]
[Date "2025.05.27"]
[Round "1"]
[White "Shymanskyi, Oleksandr"]
[Black "Jumabayev, Rinat"]
[Result "0-1"]
[WhiteTitle "FM"]
[BlackTitle "GM"]
[WhiteElo "2218"]
[BlackElo "2551"]
[WhiteFideId "14168880"]
[BlackFideId "13702661"]
[EventDate "2025.05.27"]

1. e4 g6 2. d4 Bg7 3. Nf3 d6 4. h3 Nf6 5. Bd3 O-O 6. O-O Nc6 7. c3 e5 8. Re1 Re8
9. a3 a5 10. d5 Nb8 11. c4 Rf8 12. Nc3 Nfd7 13. Rb1 f5 14. exf5 gxf5 15. Bg5 Qe8
16. Nh4 Nc5 17. Bc2 a4 18. Be3 Bd7 19. Nf3 Nba6 20. Nd2 Qg6 21. Kh1 Kh8 22. f4
e4 23. Nxa4 Nxa4 24. Bxa4 Bxa4 25. Qxa4 Nc5 26. Qc2 Nd3 27. Rf1 Qg3 28. Bg1 Rg8
29. Nb3 Raf8 30. Nd4 Rf6 31. Ne6 Rg6 32. Bh2 Qh4 33. Ng5 Bf6 34. Nf7+ Kg7 35.
Ng5 Bxg5 36. fxg5 Qxg5 37. Qc3+ Kh6 38. g4 fxg4 39. Rg1 Qe3 40. Rbf1 g3 0-1

[Event "Titled Tue 27th May Early"]
[Site "chess.com INT"]
[Date "2025.05.27"]
[Round "1"]
[White "Modric, Nesa"]
[Black "Rozman, Levy"]
[Result "0-1"]
[WhiteTitle "CM"]
[BlackTitle "IM"]
[WhiteElo "2088"]
[BlackElo "2324"]
[WhiteFideId "922579"]
[BlackFideId "2039877"]
[EventDate "2025.05.27"]

1. d4 g6 2. Bg5 Bg7 3. Nf3 h6 4. Bh4 d6 5. e4 Nc6 6. c3 Nf6 7. Nbd2 g5 8. Bg3
Nh5 9. Bb5 Bd7 10. O-O a6 11. Bxc6 Bxc6 12. d5 Bd7 13. Nd4 Nxg3 14. fxg3 c5 15.
Nf5 Bxf5 16. exf5 Qb6 17. Nc4 Qc7 18. a4 h5 19. Qe2 Bf6 20. a5 Kf8 21. Rae1 Re8
22. h3 Kg7 23. Qd2 Qd7 24. Qd3 Qb5 25. Re4 Rb8 26. Qe2 Qb3 27. Rxe7 Bxe7 28.
Qxe7 Qxc4 29. Qxg5+ Kf8 30. f6 Rh7 31. Re1 Qd3 32. Re7 h4 33. gxh4 Qb1+ 34. Kh2
Qxb2 35. Qf4 Rd8 36. Qf5 Rxh4 37. Qg5 Rh7 38. Qf5 Rh6 39. Qg5 Rg6 40. Qh4 Qxg2# 0-1

[Event "Titled Tue 27th May Early"]
[Site "chess.com INT"]
[Date "2025.05.27"]
[Round "1"]
[White "Azizoglu, Ferzan"]
[Black "Skliarov, Viktor"]
[Result "0-1"]
[BlackTitle "IM"]
[WhiteElo "2055"]
[BlackElo "2334"]
[WhiteFideId "6302726"]
[BlackFideId "14106736"]
[EventDate "2025.05.27"]

1. e4 c5 2. c3 d6 3. d4 Nf6 4. Bd3 Nc6 5. Nf3 g6 6. h3 Bg7 7. O-O O-O 8. Re1 d5
9. e5 Ne4 10. Bxe4 dxe4 11. Rxe4 Bf5 12. Re1 cxd4 13. cxd4 Nb4 14. Na3 Qd5 15.
Bg5 Rfe8 16. Qd2 a5 17. Bh6 Bxh3 18. Bxg7 Kxg7 19. b3 Bg4 20. Re3 Red8 21. Rd1
b5 22. Rc3 Rac8 23. Rdc1 Rxc3 24. Rxc3 Bxf3 25. Rxf3 Qxd4 26. Qxd4 Rxd4 27. Nxb5
Rd1+ 28. Kh2 Nxa2 29. Nc3 Nxc3 30. Rxc3 Rd5 31. f4 g5 32. g3 Kg6 33. Kg2 Kf5 34.
Kf3 gxf4 35. gxf4 Rd4 36. Rc4 Rxc4 37. bxc4 a4 38. Ke3 a3 0-1

[Event "Titled Tue 27th May Early"]
[Site "chess.com INT"]
[Date "2025.05.27"]
[Round "1"]
[White "Deichmann, Esteban Horacio"]
[Black "Vargas Pereda, Jesus Manue"]
[Result "0-1"]
[BlackTitle "CM"]
[WhiteElo "2085"]
[BlackElo "1948"]
[WhiteFideId "167410"]
[BlackFideId "5115710"]
[EventDate "2025.05.27"]

1. e4 c5 2. Nf3 e6 3. c3 d5 4. exd5 exd5 5. d4 Nf6 6. Be3 Be7 7. Be2 O-O 8. O-O
c4 9. Nbd2 Nc6 10. b3 cxb3 11. axb3 Bf5 12. Re1 a6 13. Nf1 Ne4 14. Bd2 Bd6 15.
Ng3 Bg6 16. b4 Rc8 17. Rc1 f5 18. Qb3 Kh8 19. Qxd5 Bxg3 20. Qxd8 Bxf2+ 21. Kf1
Rcxd8 22. Red1 f4 23. Bd3 Be3 24. Bxe3 fxe3 25. Bxe4 Bxe4 26. Ke2 Bd5 27. c4
Bxf3+ 28. gxf3 Nxd4+ 29. Kxe3 Nc6 30. b5 Rde8+ 31. Kf2 Ne5 32. Rc3 Rc8 33. Rdc1
axb5 34. cxb5 Rxc3 35. Rxc3 g6 36. Rc7 Rxf3+ 37. Kg2 Rf7 38. b6 Kg7 39. h4 Kf6
40. Kg3 Ke6 41. Rc8 Kd6 42. h5 gxh5 43. Kh4 Nc6 44. Kxh5 Kc5 45. Re8 Kxb6 46.
Re1 Rf5+ 47. Kh6 Re5 48. Kxh7 Rxe1 0-1

[Event "Titled Tue 27th May Early"]
[Site "chess.com INT"]
[Date "2025.05.27"]
[Round "1"]
[White "Matskevich, Varvara"]
[Black "Langheinrich, Ferenc"]
[Result "1/2-1/2"]
[WhiteTitle "WFM"]
[BlackTitle "IM"]
[WhiteElo "1988"]
[BlackElo "2346"]
[WhiteFideId "13523465"]
[BlackFideId "4641973"]
[EventDate "2025.05.27"]

1. e4 c6 2. Nf3 d5 3. Nc3 dxe4 4. Nxe4 Nf6 5. Nxf6+ exf6 6. d4 Bd6 7. Bd3 O-O 8.
O-O Re8 9. c3 Nd7 10. h3 Nf8 11. Qc2 Qc7 12. c4 Qd8 13. b3 Ng6 14. Bxg6 hxg6 15.
Bb2 Bc7 16. Rad1 Bf5 17. Qc3 Qd6 18. c5 Qd5 19. Nh4 Be6 20. Qf3 g5 21. Qxd5 Bxd5
22. Nf5 Re2 23. Bc3 Rxa2 24. Ne7+ Kf8 25. Nxd5 cxd5 26. b4 a6 27. Ra1 Rxa1 28.
Rxa1 Re8 29. Kf1 f5 30. Bd2 f4 31. f3 f5 32. Rb1 b5 33. Ra1 Re6 34. Kf2 Kf7 35.
Rc1 Kg6 36. Re1 Rxe1 37. Bxe1 Kh5 38. Bd2 g4 39. Kg1 g5 40. Kf2 Kh4 41. hxg4
fxg4 42. Be1 Kh5 43. Bd2 gxf3 44. gxf3 Kh4 45. Kg2 g4 46. Be1+ Kh5 47. Bd2 Kg5
48. Be1 Kf5 49. Bd2 Bd8 50. Be1 Bf6 51. Bc3 Kg5 52. Kf2 Kh4 53. Kg2 Bd8 54. Bb2
Bc7 55. Bc3 Kh5 56. Bd2 Kg5 57. Bc3 Kf5 58. Bd2 Bd8 59. Bc3 Bh4 60. Bd2 Bf6 61.
Bc3 Be7 62. Bd2 Bd8 1/2-1/2

[Event "Titled Tue 27th May Early"]
[Site "chess.com INT"]
[Date "2025.05.27"]
[Round "1"]
[White "Demchenko, Anton"]
[Black "Khodzhamkuliev, Bahadur"]
[Result "1-0"]
[WhiteTitle "GM"]
[WhiteElo "2619"]
[BlackElo "2093"]
[WhiteFideId "4160258"]
[BlackFideId "24135046"]
[EventDate "2025.05.27"]

1. e4 Nc6 2. Nf3 d6 3. d4 Nf6 4. Nc3 Bg4 5. Be3 g6 6. Qd2 Bxf3 7. gxf3 e5 8. Bb5
exd4 9. Bxd4 Bg7 10. O-O-O O-O 11. Be3 Ne5 12. Be2 b5 13. Nxb5 Rb8 14. Qa5 Qd7
15. Qxc7 Qe6 16. Nc3 Rfc8 17. Qxd6 Qe8 18. Bd4 Nfd7 19. f4 Bh6 20. Be3 Bf8 21.
Qd4 Rb4 22. Qd2 Rxb2 23. Kxb2 Qe7 24. Nd5 Qa3+ 25. Ka1 Bg7 26. c3 Nc4 27. Bxc4
Rxc4 28. Bd4 Nb6 29. Bxg7 Kxg7 30. Qb2 Qxb2+ 31. Kxb2 Na4+ 32. Kb3 Rxe4 33. Rd4
Nc5+ 34. Kc4 1-0

[Event "Titled Tue 27th May Early"]
[Site "chess.com INT"]
[Date "2025.05.27"]
[Round "1"]
[White "Suvradeepta, Das"]
[Black "Jakubowski, Krzysztof"]
[Result "0-1"]
[WhiteTitle "FM"]
[BlackTitle "GM"]
[WhiteElo "2254"]
[BlackElo "2448"]
[WhiteFideId "5058031"]
[BlackFideId "1112848"]
[EventDate "2025.05.27"]

1. Nf3 Nf6 2. g3 d5 3. Bg2 c6 4. O-O Bf5 5. d3 h6 6. c4 e6 7. b3 Be7 8. Bb2 O-O
9. Nbd2 a5 10. a3 Bh7 11. Re1 Na6 12. e4 dxc4 13. dxc4 Nc5 14. Ne5 Nfd7 15. Ndf3
Nxe5 16. Nxe5 Qb6 17. Re3 Bf6 18. Qc2 Rfd8 19. Rae1 Bg5 20. f4 Bf6 21. Kh1 Rac8
22. h3 a4 23. b4 Nb3 24. c5 Qc7 25. Nc4 Bxb2 26. Qxb2 Rd7 27. Nb6 Rd2 28. Qc3 e5
29. fxe5 Rcd8 30. Nxa4 Rxg2 31. Kxg2 Nd4 32. Nb6 Qxe5 33. Nc4 Qg5 34. Nd6 Ne6
35. Kh2 h5 36. Nxb7 Rd4 37. Nd6 h4 38. gxh4 Qf4+ 39. Rg3 Rd2+ 40. Kh1 Qf2 41.
Rxg7+ Nxg7 0-1

[Event "Titled Tue 27th May Early"]
[Site "chess.com INT"]
[Date "2025.05.27"]
[Round "1"]
[White "Sabuk, Piotr"]
[Black "May Sanchez, Andres Elias"]
[Result "0-1"]
[WhiteTitle "IM"]
[BlackTitle "CM"]
[WhiteElo "2321"]
[BlackElo "2209"]
[WhiteFideId "1137565"]
[BlackFideId "5150973"]
[EventDate "2025.05.27"]

1. d4 Nf6 2. c4 e6 3. Nc3 Bb4 4. Nf3 b6 5. Bg5 Bb7 6. Nd2 h6 7. Bh4 c5 8. a3
Bxc3 9. bxc3 d5 10. cxd5 exd5 11. e3 O-O 12. Bd3 Ba6 13. Bxa6 Nxa6 14. O-O Re8
15. Qf3 Re6 16. Rad1 Qd6 17. Nc4 Qd8 18. Ne5 Nc7 19. Rfe1 Qe8 20. Bg3 Rc8 21. h3
Ne4 22. c4 Nc3 23. Rc1 Ne4 24. cxd5 Ng5 25. Qg4 Nxd5 26. e4 Nf6 27. Qf5 cxd4 28.
Rxc8 Qxc8 29. h4 Ngh7 30. Bf4 Qb7 0-1

[Event "Titled Tue 27th May Early"]
[Site "chess.com INT"]
[Date "2025.05.27"]
[Round "1"]
[White "Kodithuwakku, K K Dinujaya"]
[Black "Caprio, Guido"]
[Result "1-0"]
[WhiteTitle "CM"]
[BlackTitle "IM"]
[WhiteElo "2011"]
[BlackElo "2435"]
[WhiteFideId "9998845"]
[BlackFideId "834580"]
[EventDate "2025.05.27"]

1. d4 Nf6 2. Nc3 d5 3. Bf4 a6 4. e3 b5 5. a3 Bb7 6. Nf3 e6 7. b4 c6 8. Bd3 a5 9.
Na2 Nbd7 10. c3 Be7 11. h3 axb4 12. axb4 Ra3 13. O-O Qa8 14. Qc2 O-O 15. Rfb1
Qa6 16. Bc7 Bd8 17. Bd6 Re8 18. Qb2 Bb6 19. Nc1 Ra8 20. Nb3 Ne8 21. Bc5 Nxc5 22.
dxc5 Bc7 23. Na5 Rxa1 24. Rxa1 Bc8 25. Bb1 Ra7 26. Ra2 Bd8 27. Qa1 Rc7 28. Nc4
Qb7 29. Nb6 g6 30. Ra8 Kg7 31. Nd4 Bf6 32. Nb3 1-0

[Event "Titled Tue 27th May Early"]
[Site "chess.com INT"]
[Date "2025.05.27"]
[Round "1"]
[White "Gelman, Alexander"]
[Black "Burmakin, Evgeniy"]
[Result "1-0"]
[WhiteTitle "IM"]
[BlackTitle "FM"]
[WhiteElo "2403"]
[BlackElo "2110"]
[WhiteFideId "4118316"]
[BlackFideId "4163729"]
[EventDate "2025.05.27"]

1. d4 Nf6 2. Nc3 d5 3. Bf4 e6 4. e3 a6 5. g4 c5 6. g5 cxd4 7. exd4 Ne4 8. Nxe4
dxe4 9. Bg2 Bd6 10. Bxd6 Qxd6 11. Bxe4 Qb4+ 12. c3 Qxb2 13. Ne2 Nc6 14. Rb1 Qa3
15. Qd3 Qa5 16. h4 Qc7 17. h5 Bd7 18. c4 O-O-O 19. d5 Ne5 20. Qb3 exd5 21. cxd5
Kb8 22. d6 Qa5+ 23. Kf1 Bb5 24. a4 Nc4 25. Kg2 Nxd6 26. Qg3 Ka7 27. axb5 Nxe4
28. Qe3+ Qb6 29. Qxe4 Rhe8 30. Qf3 1-0

[Event "Titled Tue 27th May Early"]
[Site "chess.com INT"]
[Date "2025.05.27"]
[Round "1"]
[White "Radchenko, Alexey"]
[Black "Besso, Guadalupe"]
[Result "1/2-1/2"]
[WhiteTitle "FM"]
[BlackTitle "WIM"]
[WhiteElo "2293"]
[BlackElo "2006"]
[WhiteFideId "4192362"]
[BlackFideId "123161"]
[EventDate "2025.05.27"]

1. d4 d5 2. c4 e6 3. Nc3 Nf6 4. Nf3 Be7 5. Bg5 O-O 6. e3 Nbd7 7. Bd3 b6 8. cxd5
exd5 9. O-O Bb7 10. Rc1 h6 11. Bh4 c5 12. Re1 Rc8 13. Qe2 Ne4 14. Bxe7 Qxe7 15.
Nd2 f5 16. Ba6 Bxa6 17. Qxa6 Nxd2 18. Nxd5 Qf7 19. Nf4 Ne4 20. Qxa7 g5 21. Nd3
Ra8 22. Qb7 Rxa2 23. dxc5 Ndxc5 24. Nxc5 bxc5 25. Qb6 f4 26. exf4 Qxf4 27. Qg6+
Kh8 28. Qxh6+ Kg8 29. Qg6+ Kh8 30. Qxe4 Qxf2+ 31. Kh1 Rxb2 32. h3 Qg3 33. Rg1
Rff2 34. Qe8+ Kh7 35. Qh5+ Kg7 36. Rxc5 Rxg2 37. Rxg5+ Qxg5 38. Qxg5+ Rxg5 39.
Rxg5+ Kh6 40. Rg4 Kh5 41. Kg1 Ra2 42. Rb4 Rc2 43. Ra4 Rb2 44. Kh1 Rc2 45. Rb4
Rd2 46. Rf4 Re2 47. Kg1 Rd2 48. Rf2 Rxf2 49. Kxf2 Kh4 50. Kg2 Kh5 51. Kg3 Kg5
52. h4+ Kh5 53. Kh3 Kh6 54. Kg4 Kg6 55. Kf4 Kh6 56. Kg3 Kh7 57. Kg4 Kg7 58. Kh5
Kh8 59. Kg6 Kg8 60. Kh6 Kh8 61. h5 Kg8 62. Kg6 Kh8 63. Kf7 Kh7 64. Kf6 Kh6 65.
Kf5 Kxh5 1/2-1/2

[Event "Titled Tue 27th May Early"]
[Site "chess.com INT"]
[Date "2025.05.27"]
[Round "1"]
[White "Grunberg, Mihai-Lucian"]
[Black "Gasparyan, Erik R."]
[Result "0-1"]
[WhiteTitle "IM"]
[BlackTitle "IM"]
[WhiteElo "2401"]
[BlackElo "2372"]
[WhiteFideId "1204149"]
[BlackFideId "13315730"]
[EventDate "2025.05.27"]

1. d4 e6 2. Nf3 b6 3. g3 Bb7 4. Bg2 Nf6 5. O-O Be7 6. c4 O-O 7. Nc3 Ne4 8. Bd2
d6 9. Qc2 Nxd2 10. Nxd2 Bxg2 11. Kxg2 Nd7 12. e4 e5 13. d5 a5 14. a3 g6 15. b4
Bg5 16. Nb3 f5 17. bxa5 bxa5 18. a4 f4 19. f3 h5 20. Ne2 Kg7 21. c5 fxg3 22.
hxg3 h4 23. cxd6 cxd6 24. Rh1 hxg3 25. Nxg3 Bf4 26. Rh3 Rc8 27. Qd3 Qb6 28. Rah1
Nf6 29. Ne2 Nh5 30. Nd2 Qb2 31. Nc4 Qb4 32. Ne3 Qb2 33. Nf5+ gxf5 34. Rxh5 Rc2
35. Rh7+ Kf6 36. Kf2 Rg8 37. Qa6 Qd4+ 38. Kf1 Qd1+ 39. Kf2 Rxe2+ 40. Qxe2 Rg2+
41. Kxg2 Qxe2+ 42. Kh3 Qxf3+ 0-1

[Event "Titled Tue 27th May Early"]
[Site "chess.com INT"]
[Date "2025.05.27"]
[Round "1"]
[White "Velikanov, Alexander"]
[Black "Bruhovich, Olexandr"]
[Result "1-0"]
[WhiteTitle "IM"]
[BlackTitle "CM"]
[WhiteElo "2372"]
[BlackElo "2208"]
[WhiteFideId "2039290"]
[BlackFideId "14119919"]
[EventDate "2025.05.27"]

1. c4 d6 2. g3 g6 3. Bg2 Bg7 4. Nf3 Nf6 5. O-O O-O 6. Nc3 Nbd7 7. d3 e5 8. Bg5
h6 9. Bxf6 Nxf6 10. Nd2 c6 11. b4 d5 12. b5 Be6 13. bxc6 bxc6 14. Qa4 Qd6 15.
Rab1 Nd7 16. cxd5 cxd5 17. Nb5 Nb6 18. Qa5 Qd7 19. Rfc1 Rfc8 20. Rxc8+ Nxc8 21.
Nc7 Qd8 22. Qc5 Bf8 23. Qc2 Nb6 24. Nxa8 Qxa8 25. Qc7 Qe8 26. Qxa7 Na4 27. Qc7
Qe7 28. Qxe5 Bg7 29. Qb8+ Kh7 30. Re1 Nc3 31. e4 d4 32. e5 Bxa2 33. Nb3 Bxb3 34.
Qxb3 Qc5 35. Qxf7 Na4 36. e6 1-0